Frutas más consumidas en España - Estadísticas

Estadísticas generales
  • Esta prueba ha sido intentada 863 veces
  • La puntuación promedio es 9 de 12
Estadísticas de respuestas
Orden Fruta % Correcto
Manzana
96%
Plátano
95%
Naranja
94%
Pera
89%
Melón
87%
Sandía
87%
Melocotón
81%
Fresa
80%
Mandarina
75%
11º Cereza
63%
10º Ciruela
40%
12º Albaricoque
36%
No se encontraron pruebas coincidentes
Distribución de puntuación
Porcentaje de gente con cada puntuación
Porcentaje por número respondido
Historial de tus puntuaciones
No has intentado esta prueba.